000 01724cam a2200457 4500
003 PE-LiUPU
005 20250731173555.0
008 1996 sp a b
020 _a8481640778
035 _a(Sirsi) i9788481640779
035 _a(Sirsi) 20581
035 _a(Sirsi) 20581
044 _aes
082 0 4 _a296.155
_bS79
100 1 _aStegemann, Hartmut
245 1 4 _aLos Esenios, Qumrán, Juan Bautista y Jesús /
_cHartmut Stegemann.
264 1 _aMadrid :
_bEd. Trotta,
_c1996
300 _a315 páginas :
_bilustraciones ;
_c23 centímetros.
490 1 _aColección Estructuras y Procesos. Serie Religión
504 _aBibliografía: páginas 309-310.
505 0 _aDescubrimientos -- El espectro inicial -- Los rollos de Qumrán y el público moderno -- Las excavaciones -- Las cuevas de los manuscritos -- El contingente de rollos de la biblioteca de Qumrán -- Los esenios -- Juan Bautista -- Jesús -- Cristianismo primitivo -- Judaísmo rabínico.
526 _aSEG42
526 _aSEG41
526 _aSEG40
526 _aSEG39
526 _aP94
526 _aP87
526 _aP86
526 _aP85
526 _aP77
526 _aP76
526 _aP35
650 1 4 _aManuscritos del mar muerto
_xCrítica, interpretación, etc.
942 _2ddc
_cBOOK
949 _a296.155 S79
_i43487
_lPOSTGRADO
_mBUL
_tLIBRO
_o.STAFF. Posgrado
859 _q43487
_h296.155
_iS79
910 _aaj-em
596 _a1
999 _a296.155 S79
_wDEWEY
_c61459
_i43487
_d61459
_e2017-5-31
_f2021-11-11
_g5
_lCCODEBUL1
_mBUL
_n3
_p22.00
_r0
_sY
_tBOOK
_u2015-6-16
_xTEOLOGIA
_PP35
_0COMPRA
_o.STAFF. Colección Teología
980 _81
_gALBERTO SANCHEZ Responsable de Automatización